Regímenes políticos en el Mediterráneo antiguo /
Guardado en:
| Otros Autores: | , , |
|---|---|
| Formato: | Electrónico eBook |
| Lenguaje: | español |
| Publicado: |
Ciudad de Buenos Aires, Argentina :
Miño y Dávila Editores,
[2016]
|
| Edición: | Edición primera. |
| Colección: | Estudios del Mediterráneo antiguo ;
no. 11. |
| Materias: | |
| Acceso en línea: | Digitalia Hispánica |
| Etiquetas: |
Agregar Etiqueta
Sin Etiquetas, Sea el primero en etiquetar este registro!
|
MARC
| LEADER | 00000nam a2200000 i 4500 | ||
|---|---|---|---|
| 001 | DIGMIDAV0081 | ||
| 003 | NyNyDIG | ||
| 007 | cr ||||||||||| | ||
| 008 | 240904s2016 ag ob 000 0 spa d | ||
| 006 | m o d | ||
| 035 | |a (OCoLC)1455257006 | ||
| 040 | |a DGITA |b eng |e rda |e pn |c DGITA | ||
| 020 | |a 9788416467501 |q eBook | ||
| 020 | |z 9788416467150 | ||
| 043 | |a f-ua--- |a e-it--- |a e-gr--- | ||
| 050 | 1 | 4 | |a DE89 ebook |
| 245 | 0 | 0 | |a Regímenes políticos en el Mediterráneo antiguo / |c Marcelo Campagno, Julián Gallego, Carlos G. García Mac Gaw (comps.). |
| 250 | |a Edición primera. | ||
| 264 | 1 | |a Ciudad de Buenos Aires, Argentina : |b Miño y Dávila Editores, |c [2016] | |
| 300 | |a 1 online resource. | ||
| 336 | |a text |b txt |2 rdacontent | ||
| 337 | |a computer |b c |2 rdamedia | ||
| 338 | |a online resource |b cr |2 rdacarrier | ||
| 347 | |a text file |2 rdaft | ||
| 347 | |b PDF | ||
| 347 | |b EPUB | ||
| 490 | 1 | |a Estudios del Mediterráneo Antiguo / PEFSCEA ; |v no. 11 | |
| 504 | |a Includes bibliographical references. | ||
| 588 | 0 | |a Online resource; title from PDF title page (Digitalia, viewed September 4, 2024) | |
| 651 | 0 | |a Mediterranean Region |x Politics and government |x Historiography. | |
| 651 | 0 | |a Mediterranean Region |x History |y To 476. | |
| 651 | 0 | |a Egypt |x Politics and government |x Historiography. | |
| 651 | 0 | |a Middle East |x Politics and government |x Historiography. | |
| 651 | 0 | |a Greece |x Politics and government |x Historiography. | |
| 651 | 0 | |a Rome |x Politics and government |x Historiography. | |
| 700 | 1 | |a Campagno, Marcelo, |e editor. | |
| 700 | 1 | |a Gallego, Julián, |e editor. | |
| 700 | 1 | |a García Mac Gaw, Carlos, |e editor. | |
| 791 | 2 | |a Digitalia (Firm), |e distributor. | |
| 793 | 0 | |g Digitalia eBook Collection: |a Miño y Dávila Editores | |
| 776 | 0 | 8 | |i Print version: |t Regímenes políticos en el Mediterráneo antiguo. |b Edición primera. |d Ciudad de Buenos Aires, Argentina : Miño y Dávila Editores, [2016] |z 9788416467150 |
| 830 | 0 | |a Estudios del Mediterráneo antiguo ; |v no. 11. | |
| 856 | 4 | 0 | |3 Digitalia Hispánica |u https://digitalia.unach.elogim.com/a/135673/ |
| 910 | |a Premium collection: 2024 | ||